000 00670nam a2200229 i 4500
001 C2-0013535
003 PPAK
005 20190630221924.0
008 970129s1981 io |||| ||||| | may d
040 _aPPAK
_beng
_cPPAK
_erda
082 0 4 _a959.8036
_223
090 0 0 _a959.8036
_bANW
_dG
100 1 _aAnwar, H. Rosihan,
_eauthor
245 1 0 _aSebelum prahara :
_bpergolakan polotik Indonesia 1961-1965
264 1 _aJakarta, Indonesia :
_bSinar Harapan ,
_c1981
300 _a556 pages ;
_c19 cm
336 _2rdacontent
_atext
337 _2rdamedia
_aunmediated
338 _2rdacarrier
_avolume
650 1 0 _aIndonesia - Politics and government
942 _ddc
_cB
999 _c3358
_d3358